Statystyki dla Quiz o Norwegii

Kliknij tutaj aby rozwiązać quiz!

Ogólne statystyki

  • Ten quiz został rozwiązany 456 razy
  • Średni wynik to 10 z 24

Statystyki odpowiedzi

WskazówkaOdpowiedź% Poprawnych
StolicaOslo
100%
Państwa granicząceSzwecja
94%
Państwa granicząceFinlandia
93%
Państwa granicząceRosja
87%
Morze, które leży pomiędzy
Norwegią a Wielką Brytanią
Morze Północne
79%
Sport narciarski ze strzelaniem z karabinówBiathlon
56%
Drugie największe miastoBergen
50%
Słowo oznaczające długi, wąski wlot oceanuFiord
47%
Najczęściej eksportowany produktRopa naftowa
39%
Miasto gospodarz Zimowych Igrzysk Olimpijskich 1994Lillehammer
38%
Namalował "Krzyk"Edvard Munch
34%
Daleko północna sieć wysp norweskichSvalbard
33%
Najpopularniejsze nazwiska{Johan}sen
31%
Najpopularniejsze nazwiska{Ol}sen
30%
Pierwsza osoba, która dotarł na Biegun PołudniowyRoald Amundsen
27%
Czteroliterowe słowo oznaczające
epicką opowieść o epoce Wikingów
Saga
27%
Najpopularniejsze nazwiska{Ander}sen
27%
Założyciel pierwszej osady nordyckiej na Grenlandii{Eryk} Rudy
21%
Najpopularniejsze nazwiska{Han}sen
17%
Najpopularniejsze nazwiska{Lar}sen
14%
Napisał "Domek dla lalek"Henrik Ibsen
10%
Najbardziej wysunięte na północ miasto świata
(populacja > 10,000)
Hammerfest
8%
Tradycyjne danie z ryb dojrzewających w ługuLutefisk
6%
Trzykrotna mistrzyni olimpijska w łyżwiarstwie figurowymSonja Henie
6%

Rozkład punktacji

Percentyl według liczby udzielonych odpowiedzi

Procent ludzi z każdym wynikiem

Twoja historia wyników

Nie rozwiązałeś tego quizu